000 00801nab a2200253 4500
003 BR-BrBNA
005 20250314124920.0
008 250314b bl.||||| |||| 00| 0 por d
040 _aBR-BrBNA
_bpor
072 _aF08 ; P01
_b2790
100 _aZepper, Paulo
100 _aFranco, Humberto
245 _aOs fitoterápicos da Klabin
_bAgronegócios
500 _a6 illus.
650 _aFITOTERAPIA
650 _aPLANTA MEDICINAL
650 _aMEDICAMENTO
650 _aCREME
650 _aAGROSSILVICULTURA
650 _aSUSTENTABILIDADE
773 0 _01706
_9347828
_dSão Paulo-SP Editora Três Ltda - E-mail: luizfsa@revistadinheiro.com.br 2004
_o2025-0329
_tDinheiro Rural (Brazil)
_x1807-3700
_gv. 2(14) p. 56-58; (Dec 2005)
_wBR2025000106
942 _cANA
999 _c330416
_d330416